[Event "CHI-chT"]
[Site "Santiago de Chile"]
[Date "2019.09.05"]
[Round "1.2"]
[White "Pineda Polanco, Adolfo"]
[Black "Inostroza Serrano, Sergio"]
[Result "1-0"]
[WhiteElo "2176"]
[BlackElo "2047"]
[PlyCount "89"]
[EventDate "2019.09.05"]
[EventType "team-swiss"]
[EventRounds "9"]
[EventCountry "CHI"]
[SourceTitle "CBM 193 Extra"]
[Source "ChessBase"]
[SourceDate "2020.01.31"]
[SourceVersion "1"]
[SourceVersionDate "2020.01.31"]
[SourceQuality "1"]
[WhiteTeam "Traslavina Petshop"]
[BlackTeam "La Florida CC III"]
[WhiteTeamCountry "CHI"]
[BlackTeamCountry "CHI"]

1. e4 c6 2. Nc3 d5 3. Qf3 dxe4 4. Nxe4 Nd7 5. b3 Ngf6 6. Bb2 Nxe4 7. Qxe4 Nf6 8. Qf4 g6 9. Nf3 Bg7 10. Ne5 Be6 11. Be2 Qd6 12. Qa4 0-0 13. Nc4 Qd7 14. Qa3 Bxc4 15. bxc4 Ne4 16. d3 Bxb2 17. Qxb2 Nf6 18. 0-0 Ne8 19. Rfb1 Rb8 20. a4 Nc7 21. a5 Ne6 22. Ra4 Nd4 23. Bf1 c5 24. Ra2 Rfc8 25. Qc1 Rc6 26. g3 Ra6 27. Qf4 Rc8 28. Qe4 Rc7 29. Rbb2 Nc6 30. Rb5 Nd4 31. Rb1 Re6 32. Qd5 Rd6 33. Qh1 Rf6 34. Qd5 Rd6 35. Qg2 Ra6 36. c3 Nc6 37. Rb5 b6 38. axb6 Rxa2 39. bxc7 Qxc7 40. Rxc5 Ra6 41. d4 Qd7 42. Qd5 Qe8 43. h4 e6 44. Qe4 Ne7 45. Rc7 1-0

[Event "CHI-ch sf"]
[Site "Santiago de Chile"]
[Date "2016.01.26"]
[Round "6"]
[White "Milla Ramirez, Luis Domingo"]
[Black "Inostroza Serrano, Sergio"]
[Result "1-0"]
[WhiteElo "2091"]
[BlackElo "1926"]
[PlyCount "115"]
[EventDate "2016.01.23"]
[EventType "swiss"]
[EventRounds "9"]
[EventCountry "CHI"]
[SourceTitle "EXT 2017"]
[Source "ChessBase"]
[SourceDate "2016.10.25"]
[SourceVersion "1"]
[SourceVersionDate "2016.10.25"]
[SourceQuality "1"]

1. e4 d5 2. exd5 Qxd5 3. Nc3 Qa5 4. Bc4 Nf6 5. d4 c6 6. Nf3 Bf5 7. Bd2 e6 8. Nd5 Qd8 9. Nxf6+ Qxf6 10. Bc3 Qd8 11. Qe2 Be7 12. Rd1 0-0 13. 0-0 Nd7 14. Rfe1 Qc7 15. d5 cxd5 16. Bxd5 Bf6 17. Bxf6 Nxf6 18. Bb3 Rfd8 19. Nd4 Bg4 20. f3 Bh5 21. Qe5 Qxe5 22. Rxe5 Bg6 23. c3 a6 24. Ree1 Rd6 25. Kf2 Rad8 26. Ne2 Rxd1 27. Rxd1 Rxd1 28. Bxd1 Nd5 29. Bb3 Ne7 30. Nf4 Bb1 31. Ke2 Kf8 32. Nd3 Nc6 33. a4 Ke7 34. Bd1 Kd6 35. b4 b6 36. f4 f6 37. Nb2 Be4 38. g3 Bd5 39. Kd3 e5 40. Nc4+ Bxc4+ 41. Kxc4 exf4 42. gxf4 Ne7 43. Bf3 Kc7 44. Be4 f5 45. Bd3 h6 46. Kd4 Ng6 47. Bxa6 Nxf4 48. Ke5 Ng2 49. Kxf5 Nh4+ 50. Ke4 g5 51. Be2 Ng2 52. Kf5 Ne3+ 53. Kg6 Nd5 54. Kxh6 Nxc3 55. Bb5 Ne4 56. Kh5 Kd6 57. Kg4 Ke5 58. Bc6 1-0